000 01236nam a2200349 a 4500
001 26040
003 CO-ViMGA
005 20230915232144.0
006 Mimo0001703600
008 141112s2004 ck r 000 u spa d
016 _abimoBNE20010736017 SpMaBN
017 _aLE 709 - 2001 Oficina Depósito Legal León
020 _a8439209320
035 _a(OCoLC)434361642
040 _aCO-ViMGA
_bspa
_cCO-ViMGA
041 _aspa ita
080 _a087.5 : 82
082 0 4 _a853.91 S15m
100 1 _aSalgari, Emilio 1862 - 1911
_940643
240 _aMisteri della jungla nera Español
245 1 0 _aLos misterios de la jungla negra :
_bversión íntegra /
_cEmilio Salgari ; traducción, Elena Clavaguera
260 _aMadrid Gaviota [2001]
300 _a315 p., [6] h. de lam. col. 25 cm
490 _aBiblioteca universal de clásicos juveniles
490 _aBiblioteca universal de clásicos juveniles
594 _aTraducción de : Il misteri della jungla nera
650 1 4 _aNovela italiana
_92688
926 _aBNALCALA SG_PETANTI 12/87303 FONDO_MODE 1
942 _2ddc
_cBK
956 _a2
980 _a017. LE 709 - 2001 020. 84 - 392 - 0932 - 0 852. 40 M - BN BNALCALA MO03594900 12/87303 DG ALCALA
999 _c33268
_d33268